[Event "Lesa Lago Maggiore op"]
[Site "Lesa"]
[Date "2023.05.05"]
[Round "1"]
[White "Rossi, Emanuele"]
[Black "Stefanetti, Marco"]
[Result "0-1"]
[WhiteElo "1566"]
[BlackElo "2040"]
[PlyCount "54"]
[EventDate "2023.05.05"]
[EventType "swiss"]
[EventRounds "5"]
[EventCountry "ITA"]
[SourceTitle "EXT 2024"]
[Source "ChessBase"]
[SourceDate "2023.10.10"]
[SourceVersion "1"]
[SourceVersionDate "2023.10.10"]
[SourceQuality "1"]

1. e4 c5 2. Nf3 e6 3. d4 cxd4 4. Nxd4 Nc6 5. Nc3 Qc7 6. Be3 a6 7. Bd3 Nf6 8. 0-0 Be7 9. f4 d6 10. Qf3 0-0 11. g4 Nxd4 12. Bxd4 e5 13. Be3 Nxg4 14. Nd5 Qd8 15. Bb6 Qd7 16. f5 Nf6 17. Nc7 Rb8 18. Bc4 Qc6 19. Qb3 Qxe4 20. Bd5 Qg4+ 21. Kh1 Bxf5 22. Rxf5 Qxf5 23. Bg2 Qd7 24. Bd5 Bd8 25. Ne6 Nxd5 26. Nxf8 Qc6 27. Qf3 Nxb6 0-1

[Event "ITA-chTA 51st"]
[Site "Brixen Bressanone"]
[Date "2019.04.27"]
[Round "2.4"]
[White "Stefanetti, Marco"]
[Black "Schacher, Gerd"]
[Result "0-1"]
[WhiteElo "2097"]
[BlackElo "2321"]
[PlyCount "46"]
[EventDate "2019.04.26"]
[EventType "team-swiss"]
[EventRounds "7"]
[EventCountry "ITA"]
[SourceTitle "CBM 190 Extra"]
[Source "ChessBase"]
[SourceDate "2019.07.15"]
[SourceVersion "1"]
[SourceVersionDate "2019.07.15"]
[SourceQuality "1"]
[WhiteTeam "Novara Scacchistica"]
[BlackTeam "Marostica Pizzato Elettrica"]
[WhiteTeamCountry "ITA"]
[BlackTeamCountry "ITA"]

1. e4 c5 2. Nf3 d6 3. d4 cxd4 4. Nxd4 Nf6 5. Nc3 a6 6. Be2 e5 7. Nb3 Be7 8. Be3 0-0 9. g4 Be6 10. g5 Nfd7 11. Qd2 a5 12. h4 a4 13. Nc1 Nb6 14. h5 Nc6 15. g6 Nd4 16. h6 fxg6 17. hxg7 Rf7 18. a3 Nc4 19. Qd1 Nxb2 20. Qd2 Nc4 21. Qd1 Qa5 22. N1a2 Nxe3 23. fxe3 Bxa2 0-1

[Event "London Classic op 8th"]
[Site "London"]
[Date "2016.12.13"]
[Round "6"]
[White "Stefanetti, Marco"]
[Black "McKerracher, Douglas"]
[Result "1-0"]
[WhiteElo "2093"]
[BlackElo "1962"]
[PlyCount "97"]
[EventDate "2016.12.09"]
[EventType "swiss"]
[EventRounds "9"]
[EventCountry "ENG"]
[SourceTitle "CBM 176 Extra"]
[Source "ChessBase"]
[SourceDate "2017.03.02"]
[SourceVersion "1"]
[SourceVersionDate "2017.03.02"]
[SourceQuality "1"]

1. e4 d5 2. exd5 Qxd5 3. Nf3 Bg4 4. Be2 Nc6 5. d4 0-0-0 6. Be3 e5 7. c4 Qa5+ 8. Bd2 Bb4 9. d5 Bxf3 10. Bxf3 Nd4 11. Nc3 Qa6 12. b3 f5 13. a3 Be7 14. 0-0 Nh6 15. Be3 Nxf3+ 16. Qxf3 Rhf8 17. Na4 Kb8 18. Bc5 Bd6 19. Bb4 b5 20. c5 bxa4 21. cxd6 cxd6 22. Rfc1 Rc8 23. bxa4 Rxc1+ 24. Rxc1 Rc8 25. Rb1 Ka8 26. Qb3 Nf7 27. h3 Qc4 28. Qg3 g6 29. Rd1 Rb8 30. Qf3 a5 31. Bd2 Rb3 32. Be3 Qxa4 33. Qe2 Qb5 34. Qc2 Qb7 35. Rc1 Kb8 36. g3 Rb5 37. a4 Rb2 38. Qc3 Rb1 39. Rxb1 Qxb1+ 40. Kh2 Qb7 41. Qxa5 e4 42. Bb6 Ne5 43. Qb5 Nc4 44. a5 Nxb6 45. axb6 Qc8 46. Qa4 Qb7 47. Qe8+ Qc8 48. Qe7 Qb7 49. Qxd6+ 1-0

[Event "Lesa op"]
[Site "Lesa"]
[Date "2015.09.19"]
[Round "3"]
[White "Medici, Simone"]
[Black "Stefanetti, Marco"]
[Result "1-0"]
[WhiteElo "2110"]
[BlackElo "2113"]
[PlyCount "81"]
[EventDate "2015.09.18"]
[EventType "swiss"]
[EventRounds "5"]
[EventCountry "ITA"]
[SourceTitle "EXT 2016"]
[Source "ChessBase"]
[SourceDate "2015.10.08"]
[SourceVersion "1"]
[SourceVersionDate "2015.10.08"]
[SourceQuality "1"]

1. d4 Nf6 2. c4 e6 3. Nf3 Bb4+ 4. Bd2 c5 5. Bxb4 cxb4 6. e3 0-0 7. Bd3 d6 8. 0-0 Re8 9. e4 e5 10. d5 Na6 11. Nbd2 Nc5 12. Bc2 Bg4 13. h3 Bh5 14. Re1 h6 15. Re3 a5 16. a3 Qb6 17. g4 Bg6 18. Nh4 Qc7 19. Nf5 Kh7 20. Rg3 b3 21. Bd3 Nxd3 22. Rxd3 Bxf5 23. gxf5 a4 24. Qf3 Rg8 25. Kh2 Raf8 26. Rg1 g6 27. Rc3 Qd7 28. c5 gxf5 29. c6 bxc6 30. dxc6 Qc8 31. Rxg8 Rxg8 32. Qxf5+ Qxf5 33. exf5 d5 34. Rc5 Rc8 35. f3 Kg7 36. Nb1 Kf8 37. Nc3 Ke7 38. Nxa4 Kd6 39. c7 d4 40. Kg2 Nd5 41. Rxd5+ 1-0

[Event "Arolo di Leggiuno op 4th"]
[Site "Arolo di Leggiuno"]
[Date "2015.05.10"]
[Round "5"]
[White "Stefanetti, Marco"]
[Black "Angelini, Marco"]
[Result "0-1"]
[WhiteElo "2121"]
[BlackElo "2218"]
[PlyCount "90"]
[EventDate "2015.05.08"]
[EventType "swiss"]
[EventRounds "5"]
[EventCountry "ITA"]
[SourceTitle "CBM 166 Extra"]
[Source "ChessBase"]
[SourceDate "2015.06.18"]
[SourceVersion "1"]
[SourceVersionDate "2015.06.18"]
[SourceQuality "1"]

1. e4 c5 2. Nc3 e6 3. Nge2 Nc6 4. g3 g6 5. Bg2 Bg7 6. f4 d6 7. 0-0 Nge7 8. d3 0-0 9. Kh1 Rb8 10. Nb1 b6 11. Nd2 Bb7 12. Nf3 Qd7 13. Nh4 f5 14. exf5 exf5 15. Nf3 h6 16. c3 Kh7 17. Be3 Rfe8 18. Bg1 Ng8 19. Qc2 Nf6 20. Rfe1 Qf7 21. a3 Re7 22. Bf2 Ng4 23. Neg1 Nxf2+ 24. Qxf2 Rbe8 25. Rxe7 Rxe7 26. Re1 Bf6 27. Rxe7 Qxe7 28. Nd2 Kg7 29. Nc4 Qd7 30. Ne3 Ne7 31. Bxb7 Qxb7+ 32. Qf3 Qxf3+ 33. Nxf3 Kf7 34. Kg2 Ke6 35. Kf2 b5 36. Ke2 Nd5 37. Nxd5 Kxd5 38. Kd2 a5 39. Nh4 Bxh4 40. gxh4 c4 41. Ke3 cxd3 42. b3 d2 43. Kxd2 Ke4 44. b4 axb4 45. cxb4 Kd4 0-1

[Event "Arolo di Leggiuno op 4th"]
[Site "Arolo di Leggiuno"]
[Date "2015.05.09"]
[Round "2"]
[White "Stefanetti, Marco"]
[Black "Buzio, Alberto"]
[Result "1-0"]
[WhiteElo "2121"]
[BlackElo "1815"]
[PlyCount "83"]
[EventDate "2015.05.08"]
[EventType "swiss"]
[EventRounds "5"]
[EventCountry "ITA"]
[SourceTitle "CBM 166 Extra"]
[Source "ChessBase"]
[SourceDate "2015.06.18"]
[SourceVersion "1"]
[SourceVersionDate "2015.06.18"]
[SourceQuality "1"]

1. e4 c5 2. Nc3 Nc6 3. Bb5 a6 4. Bxc6 bxc6 5. d3 d6 6. f4 d5 7. Nf3 Bg4 8. 0-0 e6 9. Qe1 Bxf3 10. Rxf3 d4 11. Na4 Nf6 12. b3 Be7 13. f5 e5 14. Qg3 Qc7 15. Ba3 0-0 16. Bc1 Kh8 17. Nb2 Nh5 18. Qg4 Nf6 19. Qh3 Nd7 20. Bd2 Qd8 21. Qg4 Nf6 22. Qg3 Bd6 23. Nc4 Qe7 24. Bg5 Bc7 25. Qh4 Rfb8 26. Rh3 Kg8 27. Bxf6 Qxf6 28. Qxh7+ Kf8 29. Rg3 Ke7 30. Qxg7 Qxg7 31. Rxg7 Kf6 32. Rg3 Rg8 33. Rxg8 Rxg8 34. Kf2 Kg5 35. Rh1 Kh5 36. Rf1 f6 37. Kg1 Rg5 38. Rf3 Kh6 39. Kf2 Kg7 40. Rg3 Kf7 41. Rxg5 fxg5 42. Kg3 1-0

[Event "Novara op-A"]
[Site "Novara"]
[Date "2013.11.03"]
[Round "4"]
[White "Stefanetti, Marco"]
[Black "Villa, Giorgio"]
[Result "1-0"]
[WhiteElo "2093"]
[BlackElo "1959"]
[PlyCount "69"]
[EventDate "2013.11.01"]
[EventType "swiss"]
[EventRounds "5"]
[EventCountry "ITA"]
[SourceTitle "EXT 2014"]
[Source "ChessBase"]
[SourceDate "2013.11.20"]
[SourceVersion "1"]
[SourceVersionDate "2013.11.20"]
[SourceQuality "1"]

1. e4 c6 2. d4 d5 3. exd5 cxd5 4. Bd3 Nc6 5. c3 g6 6. Nf3 Nh6 7. Bf4 Bf5 8. Be2 Bg7 9. Na3 f6 10. Nb5 Rc8 11. 0-0 0-0 12. Na3 e5 13. dxe5 fxe5 14. Bg5 Qd7 15. Qd2 Nf7 16. Rad1 Nxg5 17. Qxg5 Be6 18. Bb5 Rf5 19. Qg3 a6 20. Ba4 b5 21. Bc2 e4 22. Bxe4 Rh5 23. c4 Bxb2 24. Bxg6 hxg6 25. Qxg6+ Kf8 26. Qxh5 Bf7 27. Qh6+ Bg7 28. Qf4 Qe7 29. cxd5 Ne5 30. d6 Qe6 31. Ng5 Qh6 32. Rfe1 Qh5 33. Ne6+ Kg8 34. Nxg7 Kxg7 35. Qxe5+ 1-0

[Event "Novara op-A"]
[Site "Novara"]
[Date "2013.11.02"]
[Round "2"]
[White "Stefanetti, Marco"]
[Black "Ranieri, Fabrizio"]
[Result "0-1"]
[WhiteElo "2093"]
[BlackElo "2277"]
[PlyCount "54"]
[EventDate "2013.11.01"]
[EventType "swiss"]
[EventRounds "5"]
[EventCountry "ITA"]
[SourceTitle "EXT 2014"]
[Source "ChessBase"]
[SourceDate "2013.11.20"]
[SourceVersion "1"]
[SourceVersionDate "2013.11.20"]
[SourceQuality "1"]

1. e4 e6 2. d3 d5 3. Nd2 Nf6 4. Ngf3 c5 5. g3 Nc6 6. Bg2 Be7 7. 0-0 b6 8. Re1 Bb7 9. c3 Qc7 10. a3 dxe4 11. dxe4 0-0 12. Nf1 Ba6 13. Qa4 Bd3 14. Bf4 Qb7 15. Bg5 b5 16. Qd1 Rad8 17. Bxf6 Bxf1 18. Qc1 Bxg2 19. Bxe7 Bxf3 20. Bxf8 Rxf8 21. Qf4 Bh5 22. Qg5 Bg6 23. Qxc5 Na5 24. Qe3 h6 25. Rad1 Bh5 26. Rd4 Nc4 27. Qc1 Ne5 0-1

[Event "Ceriano Laghetto op 21st"]
[Site "Ceriano Laghetto"]
[Date "2012.03.??"]
[Round "3"]
[White "Stefanetti, Marco"]
[Black "Bemporad, Filippo"]
[Result "0-1"]
[WhiteElo "2097"]
[BlackElo "2075"]
[PlyCount "72"]
[EventDate "2012.03.24"]
[EventType "swiss"]
[EventRounds "5"]
[EventCountry "ITA"]
[SourceTitle "EXT 2014"]
[Source "ChessBase"]
[SourceDate "2013.11.20"]
[SourceVersion "1"]
[SourceVersionDate "2013.11.20"]
[SourceQuality "1"]

1. e4 c5 2. Nc3 d6 3. f4 g6 4. Bc4 Bg7 5. Nf3 e6 6. 0-0 Ne7 7. d3 Nbc6 8. Qe1 Nd4 9. Nxd4 cxd4 10. Ne2 d5 11. Bb5+ Nc6 12. Bxc6+ bxc6 13. e5 c5 14. c3 0-0 15. g4 f6 16. exf6 Bxf6 17. Ng3 Qd6 18. Bd2 Bb7 19. f5 e5 20. g5 Bd8 21. f6 Bc7 22. h4 Rae8 23. Qf2 Rf7 24. Qh2 Qe6 25. h5 Qg4 26. hxg6 hxg6 27. Kg2 e4 28. Rh1 Qf3+ 29. Kg1 Qxg3+ 30. Qxg3 Bxg3 31. Kg2 e3 32. Kxg3 exd2 33. Rad1 Re5 34. Kf4 Rf5+ 35. Kg4 Bc8 36. Rhg1 R5xf6+ 0-1

[Event "Corsico op-A 41st"]
[Site "Corsico"]
[Date "2009.10.04"]
[Round "4"]
[White "Bozzali, Ermanno"]
[Black "Stefanetti, Marco"]
[Result "1/2-1/2"]
[WhiteElo "2090"]
[BlackElo "2092"]
[PlyCount "84"]
[EventDate "2009.10.02"]
[EventType "swiss"]
[EventRounds "5"]
[EventCountry "ITA"]
[SourceTitle "EXT 2012"]
[Source "ChessBase"]
[SourceDate "2011.11.24"]
[SourceVersion "1"]
[SourceVersionDate "2011.11.24"]
[SourceQuality "1"]

1. e4 c6 2. d4 d5 3. Nd2 dxe4 4. Nxe4 Bf5 5. Ng3 Bg6 6. h4 h6 7. Nf3 Nd7 8. h5 Bh7 9. Bd3 Bxd3 10. Qxd3 e6 11. Bf4 Ngf6 12. 0-0-0 Be7 13. Kb1 0-0 14. Ne4 Nxe4 15. Qxe4 Nf6 16. Qe2 Qd5 17. Ne5 Qe4 18. Qxe4 Nxe4 19. Rhe1 Nf6 20. g4 Bd6 21. f3 Rfd8 22. c3 a5 23. Rg1 c5 24. Be3 Nd5 25. Bf2 Bxe5 26. dxe5 c4 27. Bh4 Rdb8 28. g5 Kh7 29. Rd4 hxg5 30. Bxg5 b5 31. Rdg4 a4 32. a3 Rg8 33. Rh1 Raf8 34. h6 g6 35. Rd4 Rb8 36. Kc2 Rb7 37. Rhd1 Rc8 38. Kd2 Rcc7 39. Ke1 Rd7 40. Kf2 Nb6 41. Rd6 Nd5 42. Ra6 Ra7 1/2-1/2

[Event "Corsico op-A 41st"]
[Site "Corsico"]
[Date "2009.10.03"]
[Round "2"]
[White "Cereda, Loris"]
[Black "Stefanetti, Marco"]
[Result "0-1"]
[WhiteElo "2044"]
[BlackElo "2092"]
[PlyCount "94"]
[EventDate "2009.10.02"]
[EventType "swiss"]
[EventRounds "5"]
[EventCountry "ITA"]
[SourceTitle "EXT 2012"]
[Source "ChessBase"]
[SourceDate "2011.11.24"]
[SourceVersion "1"]
[SourceVersionDate "2011.11.24"]
[SourceQuality "1"]

1. e4 c6 2. d4 d5 3. exd5 cxd5 4. Bd3 Nc6 5. c3 Nf6 6. Bf4 Bg4 7. Qb3 Qc8 8. Nd2 e6 9. Ngf3 Be7 10. 0-0 Bh5 11. Ne5 Nxe5 12. Bxe5 0-0 13. Rae1 Bg6 14. Bxg6 hxg6 15. Qd1 b5 16. Re3 b4 17. h4 bxc3 18. bxc3 Qa6 19. a4 Nd7 20. h5 Nxe5 21. dxe5 g5 22. Rg3 Rac8 23. f4 Qb6+ 24. Kh2 Qb2 25. fxg5 Rxc3 26. Rxc3 Qxc3 27. Nf3 Bxg5 28. Nd4 Qe3 29. Re1 Qf4+ 30. Kg1 Rc8 31. Nf3 Rc1 32. Qxc1 Qxc1 33. Rxc1 Bxc1 34. Kf1 Kh7 35. g4 g6 36. hxg6+ Kxg6 37. Ke2 Bb2 38. Kd3 f6 39. exf6 Bxf6 40. a5 e5 41. Ke3 a6 42. Ne1 Kg5 43. Kf3 e4+ 44. Kg3 Be5+ 45. Kh3 Bc3 46. Nc2 Kf4 47. Kh4 d4 0-1

[Event "Senigallia op 6th"]
[Site "Senigallia"]
[Date "2009.07.26"]
[Round "7"]
[White "Brunello, Marina"]
[Black "Stefanetti, Marco"]
[Result "1-0"]
[WhiteElo "2159"]
[BlackElo "2078"]
[PlyCount "141"]
[EventDate "2009.07.20"]
[EventType "swiss"]
[EventRounds "7"]
[EventCountry "ITA"]
[SourceTitle "EXT 2012"]
[Source "ChessBase"]
[SourceDate "2011.11.24"]
[SourceVersion "1"]
[SourceVersionDate "2011.11.24"]
[SourceQuality "1"]

1. e4 c6 2. d4 d5 3. e5 Bf5 4. Nf3 e6 5. Be2 Ne7 6. 0-0 h6 7. b3 c5 8. Bb2 Nec6 9. c4 dxc4 10. Bxc4 Nb4 11. Nc3 Nc2 12. Rc1 cxd4 13. Ne2 d3 14. Ned4 Nxd4 15. Nxd4 Be4 16. Qg4 Bc6 17. Rfd1 h5 18. Qf4 d2 19. Rxd2 Bb4 20. Rdd1 Qe7 21. Bb5 g5 22. Qf6 Qxf6 23. exf6 0-0 24. Bxc6 Nxc6 25. Nxc6 bxc6 26. a3 Ba5 27. Rc5 Rfd8 28. Rxg5+ Kh8 29. Rxh5+ Kg8 30. Rg5+ Kh7 31. Rf1 Rd5 32. Rxd5 cxd5 33. Rc1 Rd8 34. Bd4 Rd7 35. Kf1 Kg6 36. Ke2 Kf5 37. f3 Rb7 38. b4 Bc7 39. h4 Bg3 40. Rh1 e5 41. Bc5 Kxf6 42. h5 Kg7 43. Be3 f5 44. Rh3 f4 45. h6+ Kh7 46. Bc5 e4 47. Rh5 Rd7 48. fxe4 dxe4 49. Rh1 Rd3 50. Rd1 f3+ 51. gxf3 Rxa3 52. fxe4 Bf4 53. Rd7+ Kxh6 54. Rxa7 Rb3 55. Rd7 Kg5 56. Rd3 Rb1 57. Rd1 Rb2+ 58. Kd3 Be5 59. Kc4 Kf4 60. Kd5 Bc3 61. Rf1+ Kg4 62. Kc4 Be5 63. b5 Bc7 64. Rf7 Ba5 65. Bd4 Rc2+ 66. Kd5 Rd2 67. Ke5 Rd1 68. b6 Rb1 69. b7 Bd2 70. Kd5 Rb5+ 71. Kc6 1-0

[Event "Imperia Corallo op-A 3rd"]
[Site "Imperia"]
[Date "2008.11.22"]
[Round "3"]
[White "Arata, Roberto Mario"]
[Black "Stefanetti, Marco"]
[Result "1-0"]
[WhiteElo "2199"]
[BlackElo "2090"]
[PlyCount "77"]
[EventDate "2008.11.21"]
[EventType "swiss"]
[EventRounds "5"]
[EventCountry "ITA"]
[SourceTitle "EXT 2011"]
[Source "ChessBase"]
[SourceDate "2010.11.26"]
[SourceVersion "1"]
[SourceVersionDate "2010.11.26"]
[SourceQuality "1"]

1. d4 d5 2. c4 c6 3. Nc3 Nf6 4. Nf3 a6 5. e3 b5 6. b3 Bg4 7. Be2 e6 8. 0-0 Nbd7 9. Ne5 Nxe5 10. dxe5 Bxe2 11. Nxe2 Nd7 12. Bb2 bxc4 13. bxc4 Nb6 14. cxd5 cxd5 15. Bd4 Nc4 16. e4 Be7 17. exd5 Qxd5 18. Nf4 Qa5 19. Qg4 g6 20. Rac1 h5 21. Qg3 Nd2 22. Rfd1 Rd8 23. Bc3 Qxa2 24. Qe3 Nb3 25. Rb1 Rxd1+ 26. Rxd1 Qc2 27. Qf3 0-0 28. g3 Bg5 29. Bb4 Rc8 30. Rd7 Bxf4 31. Qxf4 Qc1+ 32. Qxc1 Rxc1+ 33. Kg2 g5 34. Rd3 Rb1 35. Rd8+ Kg7 36. Kh3 a5 37. Be7 g4+ 38. Kh4 Rh1 39. Kg5 1-0

[Event "Novara Festival 5th"]
[Site "Novara"]
[Date "2005.10.28"]
[Round "1"]
[White "Borin, Fabio"]
[Black "Stefanetti, Marco"]
[Result "1/2-1/2"]
[WhiteElo "2128"]
[BlackElo "2067"]
[PlyCount "136"]
[EventDate "2005.10.28"]
[EventType "swiss"]
[EventRounds "5"]
[EventCountry "ITA"]
[SourceTitle "EXT 2008"]
[Source "ChessBase"]
[SourceDate "2007.11.25"]
[SourceVersion "1"]
[SourceVersionDate "2007.11.25"]
[SourceQuality "1"]

1. e4 c6 2. d4 d5 3. exd5 cxd5 4. Bd3 Nc6 5. c3 g6 6. Bf4 Bh6 7. Bg3 Nf6 8. h3 Nh5 9. Bh2 Nf4 10. Bxf4 Bxf4 11. Nf3 Bf5 12. Bxf5 gxf5 13. g3 Bc7 14. Nbd2 e6 15. Nb3 h5 16. Nc5 Qc8 17. Nd3 Bd6 18. Qd2 Qc7 19. Qg5 Qe7 20. Qxe7+ Kxe7 21. h4 Rac8 22. Kd2 Nb8 23. Nfe5 Nd7 24. Rhe1 Nf6 25. f3 Rhg8 26. Rg1 Nd7 27. Rae1 Rg7 28. b4 Bxe5 29. dxe5 Rcg8 30. Nf4 Rxg3 31. Rgf1 Rh8 32. Re3 Nf8 33. Ne2 Rg2 34. f4 Rhg8 35. Rh3 Nd7 36. Ke3 Nb6 37. Kf3 R2g4 38. Rd1 Nc4 39. Ng3 Rh8 40. Ne2 Rc8 41. Kf2 Nb6 42. Rd4 Nd7 43. Ng3 Rxc3 44. Nxf5+ exf5 45. Rxc3 Ke6 46. Rc8 Nb6 47. Rc7 Rxh4 48. Kg3 Rg4+ 49. Kh3 Nd7 50. Rc8 Nb6 51. Rc7 Nc4 52. Rc8 Ne3 53. Rc7 Ng2 54. Rxb7 Nxf4+ 55. Kh2 Rg2+ 56. Kh1 Rf2 57. Rxa7 Kxe5 58. Rd1 Rb2 59. a3 Nh3 60. Rf1 Ng5 61. Re7+ Kf6 62. Re3 d4 63. Rd3 Ke5 64. Re1+ Ne4 65. Kg1 h4 66. Rh3 Kf4 67. Rd3 Ke5 68. Rh3 Kf4 1/2-1/2

[Event "Novara op 5th"]
[Site "Novara"]
[Date "2004.10.23"]
[Round "3"]
[White "Stefanetti, Marco"]
[Black "Dassisti, Alberto"]
[Result "1/2-1/2"]
[WhiteElo "2083"]
[BlackElo "2067"]
[PlyCount "71"]
[EventDate "2004.10.22"]
[EventType "swiss"]
[EventRounds "5"]
[EventCountry "ITA"]
[SourceTitle "CBM 102 Extra"]
[Source "ChessBase"]
[SourceDate "2004.11.03"]
[SourceVersion "1"]
[SourceVersionDate "2004.11.03"]
[SourceQuality "1"]

1. d4 d5 2. Nf3 Bg4 3. Bf4 Bxf3 4. gxf3 Nf6 5. e3 e6 6. Nd2 Nh5 7. Bg3 Nxg3 8. hxg3 c5 9. c3 cxd4 10. exd4 Nc6 11. Bd3 h6 12. Qe2 Rc8 13. f4 Qe7 14. Nf3 g6 15. Kf1 Bg7 16. Re1 h5 17. Nh4 Bf6 18. Qf3 Bxh4 19. Rxh4 f5 20. Qe2 Kf7 21. Kg2 a6 22. Reh1 Qf6 23. f3 Na5 24. g4 hxg4 25. Rh7+ Rxh7 26. Rxh7+ Kg8 27. Rh1 gxf3+ 28. Kxf3 Rc7 29. Bxa6 Rh7 30. Rxh7 Kxh7 31. Qh2+ Kg7 32. Bb5 Nc4 33. Bxc4 dxc4 34. Qg1 Qh4 35. Qg2 b5 36. Qg3 1/2-1/2

[Event "Corsico op 26th"]
[Site "Corsico"]
[Date "2003.05.04"]
[Round "7"]
[White "Mazzariol, Oscar"]
[Black "Stefanetti, Marco"]
[Result "1-0"]
[WhiteElo "2061"]
[BlackElo "1873"]
[PlyCount "50"]
[EventDate "2003.04.30"]
[EventType "swiss"]
[EventRounds "7"]
[EventCountry "ITA"]
[SourceTitle "EXT 2007"]
[Source "ChessBase"]
[SourceDate "2006.11.23"]
[SourceVersion "1"]
[SourceVersionDate "2006.11.23"]
[SourceQuality "1"]

1. e4 c6 2. d4 d5 3. exd5 cxd5 4. c4 Nf6 5. Nc3 e6 6. Nf3 Be7 7. Bd3 Nc6 8. 0-0 0-0 9. a3 dxc4 10. Bxc4 b6 11. Bg5 Bb7 12. Qd3 Rc8 13. Rad1 Ng4 14. Ne4 Na5 15. Bxe7 Qxe7 16. Neg5 g6 17. Ba2 h6 18. Nxe6 Bxf3 19. gxf3 Nxh2 20. Kxh2 Qh4+ 21. Kg2 fxe6 22. Bxe6+ Kg7 23. Bxc8 Rxc8 24. Rg1 Nc4 25. d5 Nxb2 1-0

[Event "Corsico op 26th"]
[Site "Corsico"]
[Date "2003.05.03"]
[Round "6"]
[White "Massironi, Marco"]
[Black "Stefanetti, Marco"]
[Result "0-1"]
[WhiteElo "2082"]
[BlackElo "1873"]
[PlyCount "57"]
[EventDate "2003.04.30"]
[EventType "swiss"]
[EventRounds "7"]
[EventCountry "ITA"]
[SourceTitle "EXT 2007"]
[Source "ChessBase"]
[SourceDate "2006.11.23"]
[SourceVersion "1"]
[SourceVersionDate "2006.11.23"]
[SourceQuality "1"]

1. e4 c6 2. Nc3 d5 3. Nf3 Bg4 4. h3 Bh5 5. exd5 cxd5 6. g4 Bg6 7. Bb5+ Nc6 8. Ne5 Rc8 9. d4 f6 10. Nxg6 hxg6 11. Qd3 Kf7 12. Nxd5 e6 13. Bxc6 exd5 14. Ba4 Qa5+ 15. c3 Qxa4 16. h4 Re8+ 17. Be3 Bd6 18. Kd2 Qd7 19. h5 gxh5 20. gxh5 Ne7 21. Rag1 Qf5 22. Qe2 Bf4 23. Rh4 g5 24. hxg6+ Nxg6 25. Rhg4 Bg5 26. R4g3 Rh2 27. R1g2 Rxg2 28. Rxg2 Nf4 29. Qf3 0-1

[Event "Corsico op 26th"]
[Site "Corsico"]
[Date "2003.05.01"]
[Round "2"]
[White "Bini, Lorenzo"]
[Black "Stefanetti, Marco"]
[Result "0-1"]
[WhiteElo "2065"]
[BlackElo "1873"]
[PlyCount "76"]
[EventDate "2003.04.30"]
[EventType "swiss"]
[EventRounds "7"]
[EventCountry "ITA"]
[SourceTitle "EXT 2007"]
[Source "ChessBase"]
[SourceDate "2006.11.23"]
[SourceVersion "1"]
[SourceVersionDate "2006.11.23"]
[SourceQuality "1"]

1. f4 d5 2. b3 Nf6 3. Bb2 c6 4. g3 Bf5 5. Bg2 Nbd7 6. Nf3 e6 7. e3 Bd6 8. Nc3 Qe7 9. 0-0 h5 10. Nh4 0-0-0 11. d3 Bc5 12. Qe2 d4 13. exd4 Bxd4+ 14. Kh1 Bg4 15. Qe1 Qd6 16. Na4 Nb6 17. Qa5 Nxa4 18. Bxd4 Qxd4 19. bxa4 Qb6 20. Qd2 Nd5 21. Rab1 Qc5 22. Rfe1 f6 23. c4 Ne7 24. Qb2 Rd7 25. Nf3 Bxf3 26. Bxf3 h4 27. g4 Ng6 28. Rxe6 Qb6 29. Qc2 Qd4 30. Re4 Qxd3 31. Qf2 Qxb1+ 32. Re1 Qb6 33. c5 Qb4 34. f5 Ne5 35. Be4 Rd2 36. Qg1 Qd4 37. Qxd4 Rxd4 38. h3 Rhd8 0-1

[Event "Vanzaghello op 3rd"]
[Site "Vanzaghello"]
[Date "2002.09.22"]
[Round "6"]
[White "Stefanetti, Marco"]
[Black "Bianchi, Alberto"]
[Result "1-0"]
[WhiteElo "1876"]
[BlackElo "2044"]
[PlyCount "59"]
[EventDate "2002.09.19"]
[EventType "swiss"]
[EventRounds "6"]
[EventCountry "ITA"]
[SourceTitle "EXT 2023"]
[Source "ChessBase"]
[SourceDate "2022.10.05"]
[SourceVersion "1"]
[SourceVersionDate "2022.10.05"]
[SourceQuality "1"]

1. d4 d5 2. Nf3 e6 3. c3 Be7 4. Bf4 Nf6 5. Nbd2 b6 6. e3 0-0 7. Ne5 Bb7 8. Bd3 Nbd7 9. Nxd7 Nxd7 10. Qe2 c5 11. 0-0 a5 12. Nf3 c4 13. Bc2 b5 14. Ne5 Nxe5 15. Bxe5 Ba6 16. Qh5 g6 17. Qh6 Bf6 18. f4 Bxe5 19. fxe5 f5 20. exf6 Rxf6 21. Rxf6 Qxf6 22. Rf1 Qg7 23. Qf4 Re8 24. e4 e5 25. dxe5 Qxe5 26. Qf7+ Kh8 27. Qa7 dxe4 28. Rf7 Bc8 29. Rxh7+ Kg8 30. Qf7# 1-0